[Event "FRA-ch Blitz Online Qual"]
[Site "Europe Echecs INT"]
[Date "2020.05.16"]
[Round "12"]
[White "Buffin, Jean"]
[Black "Courbi, Stephane"]
[Result "0-1"]
[WhiteElo "1711"]
[BlackElo "1955"]
[PlyCount "130"]
[EventDate "2020.05.16"]
[EventType "swiss (blitz)"]
[EventRounds "15"]
[EventCountry "FRA"]
[SourceTitle "CBM 196 Extra"]
[Source "ChessBase"]
[SourceDate "2020.07.31"]
[SourceVersion "1"]
[SourceVersionDate "2020.07.31"]
[SourceQuality "1"]

1. d4 Nf6 2. c4 e5 3. dxe5 Ng4 4. Nf3 Bc5 5. e3 Nc6 6. Be2 0-0 7. 0-0 Ncxe5 8. h3 Nxf3+ 9. Bxf3 Ne5 10. Be2 Re8 11. Nc3 a5 12. b3 Ra6 13. Bb2 Rh6 14. Ne4 Bf8 15. Ng3 d6 16. Rc1 Qh4 17. Bxe5 Rxe5 18. Bg4 Bxg4 19. Qxg4 Qxg4 20. hxg4 Rhe6 21. a3 g6 22. b4 axb4 23. axb4 Re8 24. Rfd1 b6 25. c5 bxc5 26. bxc5 dxc5 27. Rd7 R5e7 28. Rd5 Re6 29. Rd7 Rc6 30. Rc4 Re7 31. Rd8 Kg7 32. Ne2 Ree6 33. Nf4 Red6 34. Ra8 Rd1+ 35. Kh2 Bd6 36. g3 Rd2 37. Kg2 Rb6 38. Nh3 Rb4 39. Rc3 Rbb2 40. Ra7 h6 41. Rc4 g5 42. Re4 Rbc2 43. Ra8 c4 44. Ree8 c3 45. Rg8+ Kf6 46. Rh8 Ra2 47. Rxh6+ Ke7 48. Rb8 c2 49. Rhh8 Rd1 50. Rhe8+ Kf6 51. Rh8 c1Q 52. Rbe8 Rxf2+ 53. Nxf2 Rg1+ 54. Kf3 Qc6+ 55. Ke2 Qb5+ 56. Kf3 Qd5+ 57. Ke2 Qc4+ 58. Kf3 Qd5+ 59. Ke2 Rg2 60. Rh6+ Kg7 61. e4 Qb5+ 62. Ke3 Qxe8 63. Rh1 Bc5+ 64. Ke2 Rxf2+ 65. Kd3 Qd7+ 0-1

[Event "FRA-ch Blitz Online Qual"]
[Site "Europe Echecs INT"]
[Date "2020.05.16"]
[Round "7"]
[White "Courbi, Stephane"]
[Black "Breuil, Virgile"]
[Result "0-1"]
[WhiteElo "1955"]
[BlackElo "1622"]
[PlyCount "50"]
[EventDate "2020.05.16"]
[EventType "swiss (blitz)"]
[EventRounds "15"]
[EventCountry "FRA"]
[SourceTitle "CBM 196 Extra"]
[Source "ChessBase"]
[SourceDate "2020.07.31"]
[SourceVersion "1"]
[SourceVersionDate "2020.07.31"]
[SourceQuality "1"]

1. e4 e5 2. Nf3 Nc6 3. Bb5 Nge7 4. 0-0 g6 5. c3 Bg7 6. d4 exd4 7. cxd4 0-0 8. Nc3 d6 9. h3 a6 10. Ba4 b5 11. Bb3 Bb7 12. Re1 Kh8 13. Be3 f5 14. exf5 Nxf5 15. Rc1 Nce7 16. Ne2 Bxf3 17. gxf3 Nxe3 18. fxe3 Rxf3 19. Nf4 Rg3+ 20. Kh2 Nf5 21. Rg1 Qh4 22. Qe2 Rxe3 23. Qg2 Qxf4+ 24. Kh1 Ng3+ 25. Kh2 Ne2+ 0-1

[Event "Cap d'Agde CCAS op"]
[Site "Cap d'Agde"]
[Date "2013.10.26"]
[Round "1"]
[White "Courbi, Stephane"]
[Black "Bonafede, Alessandro"]
[Result "0-1"]
[WhiteElo "2043"]
[BlackElo "2328"]
[PlyCount "108"]
[EventDate "2013.10.26"]
[EventType "swiss"]
[EventRounds "9"]
[EventCountry "FRA"]
[SourceTitle "EXT 2016"]
[Source "ChessBase"]
[SourceDate "2015.10.08"]
[SourceVersion "1"]
[SourceVersionDate "2015.10.08"]
[SourceQuality "1"]

1. e4 c5 2. c4 d6 3. g3 Nc6 4. Bg2 g6 5. Ne2 Bg7 6. Nbc3 Nf6 7. 0-0 0-0 8. d3 Bd7 9. a3 Nd4 10. Rb1 a5 11. Nxd4 cxd4 12. Nb5 Bxb5 13. cxb5 Qb6 14. a4 Rfc8 15. Bd2 Nd7 16. b4 axb4 17. Bxb4 Nc5 18. a5 Qxb5 19. Bxc5 Qxc5 20. Rxb7 Bf6 21. f4 Rxa5 22. Rf2 Qc3 23. Bf1 Ra1 24. Qf3 Qa5 25. h4 Rcc1 26. Kg2 Qe1 27. Rb5 Rcb1 28. Rbb2 Rxb2 29. Rxb2 Qe3 30. Qxe3 dxe3 31. Rb8+ Kg7 32. Be2 Bc3 33. g4 Be1 34. h5 Bf2 35. Bf1 gxh5 36. gxh5 Bh4 37. Rb2 Kh6 38. Be2 Bf2 39. Rc2 Rg1+ 40. Kh2 Rg7 41. Kh3 Bg3 42. f5 Be5 43. Bd1 Rg1 44. Be2 Kg5 45. Ra2 Rg3+ 46. Kh2 Kh4 47. Kh1 Rh3+ 48. Kg1 Bg3 49. Ra1 Rh2 50. Ra2 Bf4 51. Rc2 Kg3 52. Ra2 Be5 53. Rc2 h6 54. Ra2 Bc3 0-1

[Event "Avignon-A 4th"]
[Site "Avignon"]
[Date "2012.11.06"]
[Round "4"]
[White "Weill, Roland"]
[Black "Courbi, Stephane"]
[Result "1/2-1/2"]
[WhiteElo "2170"]
[BlackElo "2041"]
[PlyCount "108"]
[EventDate "2012.11.04"]
[EventType "tourn"]
[EventRounds "7"]
[EventCountry "FRA"]
[SourceTitle "EXT 2014"]
[Source "ChessBase"]
[SourceDate "2013.11.20"]
[SourceVersion "1"]
[SourceVersionDate "2013.11.20"]
[SourceQuality "1"]

1. c4 e5 2. Nc3 Nf6 3. d3 Nc6 4. g3 d5 5. cxd5 Nxd5 6. Bg2 Nb6 7. Nf3 Be7 8. 0-0 g5 9. a4 a5 10. Nb5 h5 11. d4 exd4 12. Nfxd4 Nxd4 13. Qxd4 Qxd4 14. Nxd4 c6 15. Bd2 0-0 16. Rfd1 Rd8 17. Nf3 g4 18. Ne5 Be6 19. Be3 Rxd1+ 20. Rxd1 Nxa4 21. Nd3 Bf6 22. Bc1 Rd8 23. Rd2 Nb6 24. Rc2 Bf5 25. Bd2 Bxd3 26. exd3 Rxd3 27. Bxa5 Rd1+ 28. Bf1 Nd7 29. Kg2 Rb1 30. Bc3 Bxc3 31. bxc3 Ne5 32. Be2 Kg7 33. f3 gxf3+ 34. Bxf3 Ng4 35. Bxg4 hxg4 36. Kf2 Kf6 37. Ke3 Ke5 38. Kd3 b5 39. Re2+ Kd5 40. Rf2 Rd1+ 41. Kc2 Rh1 42. Kd3 c5 43. Rf5+ Ke6 44. Rxc5 Rxh2 45. Ke3 f5 46. Rxb5 Rg2 47. Kf4 Rf2+ 48. Kg5 Rf3 49. c4 Rxg3 50. Rxf5 Rc3 51. Rf6+ Ke7 52. Rf4 g3 53. Rg4 g2 54. Rxg2 Rxc4 1/2-1/2

[Event "Avignon-A 4th"]
[Site "Avignon"]
[Date "2012.11.04"]
[Round "3"]
[White "Saez, Nicolas"]
[Black "Courbi, Stephane"]
[Result "1-0"]
[WhiteElo "1982"]
[BlackElo "2041"]
[PlyCount "117"]
[EventDate "2012.11.04"]
[EventType "tourn"]
[EventRounds "7"]
[EventCountry "FRA"]
[SourceTitle "EXT 2014"]
[Source "ChessBase"]
[SourceDate "2013.11.20"]
[SourceVersion "1"]
[SourceVersionDate "2013.11.20"]
[SourceQuality "1"]

1. e4 c5 2. Nc3 a6 3. a4 b6 4. g3 Bb7 5. Bg2 e6 6. Nge2 d5 7. exd5 exd5 8. d4 c4 9. 0-0 Bb4 10. Re1 Ne7 11. Bg5 f6 12. Bd2 0-0 13. Nf4 Re8 14. Ncxd5 Nxd5 15. Rxe8+ Qxe8 16. Nxd5 Bxd2 17. Qxd2 Qf7 18. Nf4 Bxg2 19. Nxg2 Nc6 20. Re1 Rd8 21. c3 Ne5 22. Qe3 Nd3 23. Re2 b5 24. axb5 axb5 25. Nf4 Nxf4 26. Qxf4 Ra8 27. Qe4 Ra1+ 28. Kg2 Qd7 29. Qe8+ Qxe8 30. Rxe8+ Kf7 31. Rb8 Ra5 32. Kf3 h5 33. Ke4 Ke6 34. Rb6+ Kd7 35. Kd5 Kc7 36. Kc5 b4+ 37. Rb5 bxc3 38. bxc3 Ra2 39. Kxc4 Rxf2 40. Rxh5 Kd6 41. g4 Rg2 42. h3 Rg3 43. Rh7 g5 44. Rh6 Ke6 45. Kb4 Rd3 46. h4 gxh4 47. g5 Rf3 48. gxf6 h3 49. c4 Kf5 50. f7 Kg4 51. Rh7 Kg3 52. d5 h2 53. Kc5 Kg2 54. Kc6 h1Q 55. Rxh1 Kxh1 56. d6 Rxf7 57. d7 Rf6+ 58. Kc7 Rf4 59. c5 1-0

[Event "Positano op-A"]
[Site "Positano"]
[Date "2008.10.27"]
[Round "2"]
[White "Courbi, Stephane"]
[Black "Mazzarella, Antonio"]
[Result "1/2-1/2"]
[WhiteElo "2038"]
[BlackElo "2085"]
[PlyCount "118"]
[EventDate "2008.10.26"]
[EventType "swiss"]
[EventRounds "9"]
[EventCountry "ITA"]
[SourceTitle "EXT 2011"]
[Source "ChessBase"]
[SourceDate "2010.11.26"]
[SourceVersion "1"]
[SourceVersionDate "2010.11.26"]
[SourceQuality "1"]

1. e4 e6 2. d4 d5 3. Nc3 dxe4 4. Nxe4 Nd7 5. Nf3 Ngf6 6. Nxf6+ Nxf6 7. Bd3 Be7 8. c3 c5 9. dxc5 Bxc5 10. Qe2 Qc7 11. 0-0 h6 12. Ne5 0-0 13. Bf4 Bd6 14. Bg3 Nd7 15. Nxd7 Qxd7 16. Rad1 Bxg3 17. Bh7+ Kxh7 18. Rxd7 Bxd7 19. Qd3+ Kg8 20. Qxd7 Be5 21. Qxb7 Rab8 22. Qe4 Bf6 23. Qc2 Rfc8 24. f4 g6 25. Rf3 Rb5 26. Rd3 Rb4 27. Qd2 Rbc4 28. Rd7 a5 29. g3 a4 30. a3 g5 31. f5 R4c6 32. fxe6 Rxe6 33. Qd5 Rce8 34. Qf3 Kg7 35. Rd2 Bd8 36. c4 Ba5 37. Rc2 Rf6 38. Qd5 Re1+ 39. Kg2 Bc7 40. c5 Rff1 41. Rf2 Rxf2+ 42. Kxf2 Re6 43. Qd4+ Be5 44. Qxa4 Bxb2 45. Qb4 Be5 46. a4 Re8 47. c6 Rb8 48. Qc4 Bc7 49. Qd4+ Kg6 50. Qd7 Rb2+ 51. Kf3 Rb3+ 52. Ke4 Rb4+ 53. Kd5 Bb6 54. Qc8 Rd4+ 55. Ke5 f6+ 56. Ke6 Re4+ 57. Kd6 Rd4+ 58. Ke7 Re4+ 59. Kd6 Rd4+ 1/2-1/2

[Event "FRA-chT2S"]
[Site "France"]
[Date "2002.12.08"]
[Round "4.8"]
[White "Courbi, Stephane"]
[Black "Mangin, Philippe"]
[Result "1-0"]
[WhiteElo "1890"]
[BlackElo "1870"]
[PlyCount "43"]
[EventDate "2002.10.??"]
[EventType "team"]
[EventRounds "11"]
[EventCountry "FRA"]
[SourceTitle "EXT 2004"]
[Source "ChessBase"]
[SourceDate "2003.11.25"]
[SourceVersion "1"]
[SourceVersionDate "2003.11.25"]
[SourceQuality "1"]

1. d4 f5 2. e4 fxe4 3. Nc3 Nf6 4. Bg5 Nc6 5. d5 Ne5 6. Qd4 Nf7 7. Bxf6 exf6 8. Nxe4 c5 9. Qe3 Qe7 10. d6 Nxd6 11. Nxd6+ Kd8 12. Qxe7+ Kxe7 13. 0-0-0 g6 14. g3 Rb8 15. Ne2 Rg8 16. Nc3 Bh6+ 17. Kb1 Rf8 18. Bc4 Bg7 19. Rhe1+ Kd8 20. Nd5 Bh8 21. Re8+ Rxe8 22. Nf7# 1-0